[Event "FICGS class C 000149 email"]
[Site "FICGS email"]
[Date "2010.06.28"]
[Round "1"]
[White "Doan, Binh"]
[Black "Tower, Kyron"]
[Result "0-1"]
[WhiteElo "1800"]
[BlackElo "1660"]
[PlyCount "36"]
[EventDate "2010.??.??"]
[EventType "tourn (corr)"]
[EventRounds "5"]
[SourceTitle "Corr 2013"]
[Source "ChessBase"]
[SourceDate "2012.11.12"]
[SourceVersion "1"]
[SourceVersionDate "2012.11.12"]
[SourceQuality "1"]

1. Nf3 Nf6 2. d4 d5 3. c4 c6 4. Qc2 e6 5. e3 Be7 6. Nc3 Nbd7 7. g4 0-0 8. g5 Nh5 9. h4 g6 10. Bd2 Re8 11. Be2 dxc4 12. Bxc4 b5 13. Be2 Nb6 14. Ne5 Bb7 15. Bxh5 gxh5 16. Qd1 c5 17. Qxh5 Rf8 18. Rg1 cxd4 0-1

[Event "FICGS class C 000068 email"]
[Site "FICGS email"]
[Date "2007.12.07"]
[Round "1"]
[White "Kis Kos, Laszlo"]
[Black "Tower, Kyron"]
[Result "1-0"]
[WhiteElo "1610"]
[BlackElo "1800"]
[PlyCount "71"]
[EventDate "2007.??.??"]
[EventType "tourn (corr)"]
[EventRounds "4"]
[SourceTitle "Corr 2022"]
[Source "ChessBase"]
[SourceDate "2021.10.24"]
[SourceVersion "1"]
[SourceVersionDate "2021.10.24"]
[SourceQuality "1"]

1. e4 e5 2. Nf3 Nc6 3. Bb5 a6 4. Ba4 Nf6 5. 0-0 Be7 6. Re1 b5 7. Bb3 d6 8. c3 0-0 9. h3 Na5 10. Bc2 c5 11. d4 Qc7 12. Nbd2 cxd4 13. cxd4 Nc6 14. Nb3 Nb4 15. Bb1 Bb7 16. d5 a5 17. Bg5 h6 18. Bh4 Na6 19. a4 b4 20. Qd3 Nc5 21. Nxc5 Qxc5 22. Qd2 Rac8 23. Bd3 Qa7 24. Rac1 Rxc1 25. Rxc1 Rc8 26. Rxc8+ Bxc8 27. Qc2 Bd7 28. Bb5 g5 29. Bg3 Bxb5 30. axb5 Bd8 31. Qc6 Qc7 32. Nd2 Qxc6 33. dxc6 a4 34. Nc4 a3 35. bxa3 b3 36. f3 1-0

[Event "FICGS class C 000068 email"]
[Site "FICGS email"]
[Date "2007.12.07"]
[Round "1"]
[White "Tower, Kyron"]
[Black "Livenais, Jean Rene"]
[Result "0-1"]
[WhiteElo "1800"]
[BlackElo "1762"]
[PlyCount "38"]
[EventDate "2007.??.??"]
[EventType "tourn (corr)"]
[EventRounds "4"]
[SourceTitle "Corr 2022"]
[Source "ChessBase"]
[SourceDate "2021.10.24"]
[SourceVersion "1"]
[SourceVersionDate "2021.10.24"]
[SourceQuality "1"]

1. e4 g6 2. d4 Bg7 3. c4 d6 4. Nc3 Nf6 5. f3 0-0 6. Bd3 e5 7. d5 Nh5 8. g4 Qh4+ 9. Kd2 Nf4 10. Kc2 Na6 11. a3 Nc5 12. Bxf4 exf4 13. Qe1 Qd8 14. b4 Nd7 15. Nce2 Ne5 16. Nxf4 Qf6 17. Ngh3 Nxf3 18. Qc1 Nd4+ 19. Kb1 Nb3 0-1

[Event "FICGS class C 000068 email"]
[Site "FICGS email"]
[Date "2007.12.07"]
[Round "1"]
[White "Tower, Kyron"]
[Black "Wu, Sheng"]
[Result "0-1"]
[WhiteElo "1800"]
[BlackElo "1684"]
[PlyCount "60"]
[EventDate "2007.??.??"]
[EventType "tourn (corr)"]
[EventRounds "4"]
[SourceTitle "Corr 2022"]
[Source "ChessBase"]
[SourceDate "2021.10.24"]
[SourceVersion "1"]
[SourceVersionDate "2021.10.24"]
[SourceQuality "1"]

1. d4 Nf6 2. c4 e6 3. Nf3 d5 4. cxd5 exd5 5. g3 Be7 6. Bg2 0-0 7. 0-0 c6 8. Nc3 Nbd7 9. Ne5 Nxe5 10. dxe5 Ng4 11. f4 Qb6+ 12. e3 Nxe3 13. Bxe3 Qxe3+ 14. Kh1 Bf5 15. g4 Bd7 16. Rf3 Qb6 17. Na4 Qa5 18. Rh3 Qb5 19. Qc2 h6 20. f5 Rfe8 21. Rf1 Rad8 22. f6 Bf8 23. Nc3 Qc5 24. g5 Bxh3 25. gxh6 Bxg2+ 26. Kxg2 g6 27. h7+ Kxh7 28. Qb3 Qb4 29. Qd1 Qxb2+ 30. Ne2 Rxe5 0-1